| 000 | 01398nam a2200421 c 4500 | ||
|---|---|---|---|
| 001 | 48247 | ||
| 003 | ES-MaCES | ||
| 005 | 20160930125249.0 | ||
| 008 | 160929s2016 sp f ||| | spa d | ||
| 017 |
_aM 31345-2016 _bDL |
||
| 020 | _a9788445432969 | ||
| 040 |
_aES-MaCES _bspa _cES-MaCES |
||
| 100 | 1 |
_aPalomeque López, Manuel Carlos _920296 |
|
| 245 | 1 | 0 |
_aDerecho sindical _cManuel-Carlos Palomeque López ; rev. por, Djamil Tony Kahale Carrillo |
| 250 | _a3ª ed | ||
| 260 |
_a[Madrid] _bCentro de Estudios Financieros _c[2016] |
||
| 300 |
_a310 p. _c24 cm |
||
| 500 | _aÍndices | ||
| 504 | _aBibliografía | ||
| 541 | _cCompra | ||
| 650 | 4 |
_aderechos sindicales _929470 |
|
| 650 | 4 |
_alibertad sindical _927177 |
|
| 650 | 4 |
_aderecho de huelga _929350 |
|
| 650 | 4 |
_arelaciones laborales _928369 |
|
| 650 | 4 |
_anegociación colectiva _928362 |
|
| 650 | 4 |
_aconflicto de trabajo _928367 |
|
| 650 | 4 |
_arepresentación de los trabajadores _928379 |
|
| 650 | 4 |
_aderecho del trabajo _927165 |
|
| 650 | 4 |
_arégimen jurídico _929894 |
|
| 650 | 4 |
_aEspaña _926964 |
|
| 650 | 4 |
_amanual _929264 |
|
| 653 | 1 | 0 | _aDerecho del trabajo y Seguridad Social |
| 700 | 1 |
_915632 _aKahale Carrillo, Djamil Tony _ecol. |
|
| 710 | 2 |
_91870 _aCentro de Estudios Financieros (Madrid) _eed. |
|
| 775 | 0 |
_tDerecho sindical _w(ES-MaCES)45829 |
|
| 902 | _aLIB Libro | ||
| 942 |
_2CES _cBK _h6.0.1. |
||
| 999 |
_c48247 _d48247 |
||